00491 2200181 4500245010700000020002200107250001100129100001500140650001000155650001300165650001600178005001900194260004100213041001400254084000900268300002300277336000900300 aFikih untuk MIlenial b : Beberapa Masalah Fikih untuk Generasi Muda di Era DigitalcMoh MuhfidhText a978-623-00-2064-3 aCet. 1 aMoh Muhfid aFikih aMilenial aEra Digital a20240926111140 aJakartabElex Media Komputindoc2020 aIndonesia aNONE axi, 243hlm :c21cm atext